25.000 años de medicina : (Record no. 10895)

000 -CABECERA
fixed length control field 00971nam a22002537a 4500
003 - IDENTIFICADOR DEL NÚMERO DE CONTROL
control field AR-CdUCM
008 - DATOS DE LONGITUD FIJA--INFORMACIÓN GENERAL
fixed length control field 190402b ||||| |||| 00| 0 spa d
040 ## - FUENTE DE LA CATALOGACIÓN
Agencia/entidad que catalogó originalmente la obra MUNICIPALIDAD PROVINCIAL DEL CUSCO
Entidad que transcribió la catalogación BIBLIOTECA MUNICIPAL DEL CUSCO
082 ## - NÚMERO DE LA CLASIFICACIÓN DECIMAL DEWEY
No. de Clasificación ES / 373 /
Notacion interna C18
100 ## - ENTRADA PRINCIPAL--NOMBRE DE PERSONA
Nombre Personal Calder, Ritchie
245 ## - MENCIÓN DE TÍTULO
Título 25.000 años de medicina :
Resto del título de la magia a la mas moderna ciencia de curar /
260 ## - PUBLICACIÓN, DISTRIBUCIÓN, ETC.
Lugar de publicación, distribución, etc. Barcelona :
Nombre de la editorial, distribuidor, etc. Edicioenes Daimon, Manuel Tamayo,
Fecha de publicación, distribución, etc. 1958.
300 ## - DESCRIPCIÓN FÍSICA
Nº de Páginas Extensión 67 paginas ;
Otros detalles físicos ilustraciones, graficos, dibujos, cuadros,
Dimensiones 33 cm.
440 ## - MENCIÓN DE SERIE/PUNTO DE ACCESO ADICIONAL--TÍTULO
Título Enciclopedia juvenil del siglo XX
Número de la parte/sección de una obra 6
9 (RLIN) 27956
505 ## - NOTA DE CONTENIDO CON FORMATO
Nota de contenido formateada Contenido: el milagro y el hombre -- el esqueleto humano -- primeros pasos -- sistema muscular -- sistema circulatorio...
650 ## - PUNTO DE ACCESO ADICIONAL DE MATERIA--TÉRMINO DE MATERIA
Descriptor Medicina
9 (RLIN) 3637
650 ## - PUNTO DE ACCESO ADICIONAL DE MATERIA--TÉRMINO DE MATERIA
Descriptor Esqueleto humano
9 (RLIN) 27957
650 ## - PUNTO DE ACCESO ADICIONAL DE MATERIA--TÉRMINO DE MATERIA
Descriptor Humano
9 (RLIN) 596
650 ## - PUNTO DE ACCESO ADICIONAL DE MATERIA--TÉRMINO DE MATERIA
Descriptor Texto educativo
9 (RLIN) 25832
700 ## - PUNTO DE ACCESO ADICIONAL--NOMBRE DE PERSONA
Nombre Personal Mascaro, Ernesto
9 (RLIN) 27958
942 ## - ELEMENTOS DE PUNTO DE ACCESO ADICIONAL (KOHA)
Fuente de clasificación
Tipo de item Libros-BMC
945 ## - PROCESAMIENTO DE INFORMACIÓN LOCAL (OCLC)
Catalogador pjha
Holdings
Estado de retiro (separado) Fuente de clasificación o esquema de estanterías Estado dañado Ubicación Sala donde se ubica Nombre de la colección Fecha de adquisición o compra Costo, precio normal en soles Signatura topográfica Código de Barras Última vez visto (Koha) Tipo de ítem (Koha)
No     Sala de Infantes Sala de Infantes Book Cart 2019-04-02 15.00 ES / 373 / C18 / v.6 SI00000815 2019-04-02 Libros-BMC

Powered by Koha